| 000 | 00587nam a22001817a 4500 | ||
|---|---|---|---|
| 008 | 170113b xxu||||| |||| 00| 0 eng d | ||
| 020 | _a9972752178 | ||
| 040 |
_aCFT _cpmcft |
||
| 041 | _aspa | ||
| 082 |
_a641.59 _bC/t.2 |
||
| 100 |
_aRoca Rey Miró Quesada, Bernardo _cdirector |
||
| 245 |
_aCocinas del Mundo _bEuropa del Mediterráneo: Italia, Grecia, Turquía |
||
| 260 |
_aLima _bEl Comercio _c2005 |
||
| 300 |
_a179 páginas _bilustraciones a color _c29 cm |
||
| 504 | _aIncluye glosario | ||
| 650 |
_aCocina internacional _xRecetas _zItalia _zGrecia _zTurquia |
||
| 942 |
_cLIBRO _2ddc |
||
| 999 |
_c5527 _d5527 |
||